All-Star Cities Quiz Stats

Quiz not verified by Sporcle

Challenge
Share
Tweet
Embed
Score 0/17 Timer 03:00
0 Plays Today
# of games City % Correct
14New York
97.5%
8Los Angeles
90.7%
12Chicago
87%
10Boston
85.1%
5Houston
78.3%
10Philadelphia
75.6%
9Detroit
74.7%
30Honolulu
73.6%
5Atlanta
68.8%
# of games City % Correct
10St. Louis
68.5%
6Pittsburgh
67.5%
5Seattle
67.2%
10Toronto
67%
6Cleveland
64.7%
5Washington
63.4%
13Montreal
60.9%
5Cincinnati
50.7%

You're not logged in!

Compare scores with friends on all Sporcle quizzes.
Join for Free
OR
Log In

You Might Also Like...

Show Comments

Extras

Top Quizzes Today


Score Distribution

Your Account Isn't Verified!

In order to create a playlist on Sporcle, you need to verify the email address you used during registration. Go to your Sporcle Settings to finish the process.

Report this User

Report this user for behavior that violates our Community Guidelines.

Details: